LEADER 01129nam a2200277 i 4500 001 000000139480 003 CaOOAMICUS 005 20050525000000.0 008 050525s1980 it u000 u ita u 013 $a113543 040 $aSeMil$bita 100 1 $aDreyfus, Mathieu.$0(OLS)http://semarc/name/56310 240 12$aL'affaire telle que je l'ai vécue.$0(OLS)http://semarc/title/203791 245 10$aDreyfus mio fratello /$cMathieu Dreyfus ; Prefazione di Jacques Millerand. 260 $aRoma :$bEditori Riuniti,$c1980. 300 $aXI, 259 p. ;$c22 cm. 490 0 $aBiografie ;$v5 500 $aContiene : Appendice. 650 4$aAffare Dreyfus <1894-1906>.$0(OLS)http://semarc/subject/26399 700 1 $aMillerand, Jacques.$0(OLS)http://semarc/name/56311 830 0$aBiografie ;$v5.$0(OLS)http://semarc/title/5544 850 $aSeMil 852 $aSeMil$W1$xVenegono$y1$m46 24 5 *$j92888$B92888$CSeMilBibl$Z2$F98189 $81 961 $aLascito: Corradi mons. Enrico 996 $6245$aDreyfus mio fratello$9(OLS)http://semarc/title/203790 996 $6260$aRoma :$bEditori Riuniti$9(OLS)http://semarc/publisher/30240 LEADER 01153nam a2200277 i 4500 001 000000063469 003 CaOOAMICUS 005 20121205000000.0 008 121205s1998 it u000 u ita u 013 $a34641 020 $a88-010-1064-8 040 $aSeMil$bita 100 1 $aGozzelino, Giorgio.$0(OLS)http://semarc/name/18919 245 10$aEcco tua madre! :$bbreve saggio di mariologia sistematica /$cGiorgio Gozzelino. 260 $aLeumann (Torino) :$bElledici,$ccopyr. 1998. 300 $a141 p. ;$c20 cm. 490 0 $aTesti di teologia per tutti 500 $aContiene : Bibliografia minima. 650 4$aMariologia - Studi.$0(OLS)http://semarc/subject/1438 830 0$aTesti di teologia per tutti.$0(OLS)http://semarc/title/6664 850 $aSeMil 852 $aSeMil$W1$xVenegono$y1$m2L I 146$j29622$B29622$CSeMilBibl$Z2$F29625 $81 961 $aOmaggio: Scuola Cattolica 996 $6020$a88-010-1064-8$9(OLS)http://semarc/number/40192 996 $6245$aEcco tua madre! :$bbreve saggio di mariologia sistematica$9(OLS)http://semarc/title/100268 996 $6260$aLeumann (Torino) :$bElledici$9(OLS)http://semarc/publisher/31236